| 000 | 01097nam a22003257a 4500 | ||
|---|---|---|---|
| 003 | CHAP | ||
| 005 | 20220329140738.0 | ||
| 008 | 971013s1979 es r 00010 spa d | ||
| 010 | _a56946 | ||
| 011 | _a57918 | ||
| 020 | _a8472141667 | ||
| 035 | _a62073 | ||
| 040 | _cCHAP | ||
| 082 | 0 | 4 |
_a574.0182 _bS6Y |
| 100 | 0 | 0 |
_aSokal, Robert R. _9108316 |
| 245 | 1 | 0 |
_aBiometría _b: principios y métodos estadísticos en la investigación biológica _c/por Robert R. Sokal y F. James Rohlf |
| 260 |
_aMadrid : _bBlume, _c1979 |
||
| 300 | _a832 p. | ||
| 590 |
_aBATCH-UPD _b10 _c20130110 _lUCH01 _h0714 |
||
| 590 |
_aBATCH-UPD _b10 _c20130110 _lUCH01 _h2354 |
||
| 590 |
_aBATCH-UPD _b10 _c20130410 _lUCH01 _h0359 |
||
| 590 |
_aBATCH-UPD _b10 _c20130914 _lUCH01 _h0636 |
||
| 590 |
_aCONVERSION _b10 _c20130109 _lUCH01 _h1331 |
||
| 650 | 1 | 4 |
_aBiometría. _912831 |
| 700 | 0 |
_aRohlf, F. James. _999089 |
|
| 901 | _aBK | ||
| 942 | _cLIBRO | ||
| 949 |
_a574.0182 S6Y _bBC _cLIBRO _d33724002010355 _eLIBRO _h57207 _i62073 _si |
||
| 949 |
_a574.0182 S6Y _bBC _cLIBRO _d33724002247058 _eLIBRO _fc.2 _gDonaciØn _h115352 _i62073 _sb |
||
| 999 |
_c56946 _d56946 |
||